Подробности
| 000 -МАРКЕР |
| контрольное поле |
02153nam2a2200313 4500 |
| 001 - ИДЕНТИФИКАТОР ЗАПИСИ |
| контрольное поле |
RU\NLR\bibl\1303722 |
| 005 - ИДЕНТИФИКАТОР ВЕРСИИ |
| контрольное поле |
20260406105439.0 |
| 010 ## - МЕЖДУНАРОДНЫЙ СТАНДАРТНЫЙ НОМЕР КНИГИ (ISBN) |
| Номер (ISBN) |
978-5-903216-17-8 |
| Тираж |
500 |
| 021 ## - НОМЕР ГОСУДАРСТВЕННОЙ РЕГИСТРАЦИИ |
| Код страны |
российская федерация |
| Номер |
2008-82746 |
| Номер Листа государственной регистраци |
4822 |
| 035 ## - ДРУГИЕ СИСТЕМНЫЕ НОМЕРА |
| Идентификатор записи |
(NLR Aleph) 001289261 |
| 100 ## - ДАННЫЕ ОБЩЕЙ ОБРАБОТКИ |
| Данные общей обработки |
20081208d2008 |||y0rusy50 ca |
| 101 0# - ЯЗЫК РЕСУРСА |
| Язык текста, звукозаписи и т.д. |
русский |
| 102 ## - СТРАНА ПУБЛИКАЦИИ ИЛИ ПРОИЗВОДСТВА |
| Страна публикации |
российская федерация |
| 105 ## - ПОЛЕ КОДИРОВАННЫХ ДАННЫХ: ТЕКСТОВЫЕ МАТЕРИАЛЫ, МОНОГРАФИЧЕСКИЕ |
| Кодированные данные о монографическом текстовом документе |
a ||||||||| |
| 200 1# - ЗАГЛАВИЕ И СВЕДЕНИЯ ОБ ОТВЕТСТВЕННОСТИ |
| Основное заглавие |
Утраченные книжные ценности |
| Обозначение и номер части |
кн. 7 |
| Наименование части |
Зональная научная библиотека Воронежского государственного университета |
| Сведения, относящиеся к заглавию |
книги XVI - первой половины XIX века |
| Первые сведения об ответственности |
[сост.: Л.Б. Вольфцун и др. |
| Последующие сведения об ответственности |
А.М. Мазурицкий и др. предисл.] |
| 210 ## - ПУБЛИКАЦИЯ, РАСПРОСТРАНЕНИЕ И ДР. |
| Место издания, распространения и т.д. |
Москва |
| Имя издателя, распространителя и т. д. |
Российская национальная библиотека |
| Дата издания, распространения и т.д. |
2008 |
| 215 ## - ФИЗИЧЕСКАЯ ХАРАКТЕРИСТИКА |
| Специфическое обозначение материала и объем |
119 с. |
| Другие сведения о физической характеристике |
ил. |
| 461 #0 - УРОВЕНЬ НАБОРА |
| Встроенное поле |
001RU\NLR\bibl\112615 |
| -- |
2001#$aСводный каталог культурных ценностей, похищенных и утраченных в период Второй мировой войны$vТ. 11 |
| Системный номер (АБИС) связанной записи |
861234 |
| Место публикации |
М. |
| Дата публикации |
1999 |
| Имя издателя, распространителя и т.д. |
М-во культуры Рос. Федерации. Деп. по сохранению культ. ценностей |
| Заглавие |
Сводный каталог культурных ценностей, похищенных и утраченных в период Второй мировой войны |
| Номер тома |
Т. 11 |
| 606 1# - НАИМЕНОВАНИЕ ТЕМЫ КАК ПРЕДМЕТ |
| Наименование темы |
Книги |
| Формальный подзаголовок |
Сводные каталоги |
| Тематический подзаголовок |
Разрушение и похищение немецкими захватчиками в СССР |
| Хронологический подзаголовок |
1941 - 1945 |
| Системный номер авторитетной/нормативной записи |
2292249 |
| Идентификатор авторитетной/нормативной записи |
RU\NLR\auth\661372763 |
| 606 1# - НАИМЕНОВАНИЕ ТЕМЫ КАК ПРЕДМЕТ |
| Наименование темы |
Книги |
| Формальный подзаголовок |
Сводные каталоги |
| Тематический подзаголовок |
История |
| Системный номер авторитетной/нормативной записи |
1220128 |
| Идентификатор авторитетной/нормативной записи |
RU\NLR\auth\66496370 |
| 686 ## - ИНДЕКСЫ ДРУГИХ КЛАССИФИКАЦИЙ |
| Индекс |
Я12(0)2 |
| 702 #1 - ИМЯ ЛИЦА - ВТОРИЧНАЯ ОТВЕТСТВЕННОСТЬ |
| Начальный элемент ввода |
Вольфцун |
| Часть имени, кроме начального элемента ввода |
Л. Б. |
| Расширение инициалов личного имени |
Людмила Борисовна |
| Код отношения |
Составитель |
| 712 02 - НАИМЕНОВАНИЕ ОРГАНИЗАЦИИ - ВТОРИЧНАЯ ОТВЕТСТВЕННОСТЬ |
| Код отношения |
Прочие |
| Начальный элемент ввода |
Воронежский государственный университет |
| Структурное подразделение |
Зональная научная библиотека |
| Идентификатор авторитетной/нормативной записи |
RU\NLR\AUTH\884398 |
| Системный номер авторитетной/нормативной записи |
280267 |
| 801 #0 - ИСТОЧНИК ЗАПИСИ |
| Страна |
российская федерация |
| Организация |
NLR |
| Дата составления |
20081208 |
| Правила каталогизации |
RCR |
| 801 #1 - ИСТОЧНИК ЗАПИСИ |
| Страна |
российская федерация |
| Организация |
NLR |
| Дата составления |
20081208 |
| 942 ## - ДОПОЛНИТЕЛЬНЫЕ ЭЛЕМЕНТЫ ЗАПИСИ (АБИС) |
| Тип экземпляра АБИС |
Книга |
| 980 ## - КОЛЛЕКЦИЯ |
| Название коллекции |
Национальная библиография |